Opere / (Record no. 9481)
[ view plain ]
| 000 -LEADER | |
|---|---|
| campo de control de longitud fija | 00999nam a2200253 i 4500 |
| 001 - NÚMERO DE CONTROL | |
| campo de control | 9481 |
| 003 - IDENTIFICADOR DE NÚMERO DE CONTROL | |
| campo de control | ES-MaACL |
| 005 - FECHA Y HORA DE LA ÚLTIMA TRANSACCIÓN | |
| campo de control | 20230906145700.0 |
| 008 - DATOS DE LONGITUD FIJA--INFORMACIÓN GENERAL | |
| campo de control de longitud fija | 930928s19731984it ||||1| ita d |
| 080 ## - NÚMERO DE LA CLASIFICACIÓN DECIMAL UNIVERSAL | |
| Número de la Clasificación Decimal Universal | 081 Togliatti, Palmiro |
| 080 ## - NÚMERO DE LA CLASIFICACIÓN DECIMAL UNIVERSAL | |
| Número de la Clasificación Decimal Universal | 32:92 Togliatti, Palmiro |
| 100 1# - ENTRADA PRINCIPAL--NOMBRE DE PERSONA | |
| Nombre de persona | Togliatti, Palmiro. |
| 9 (RLIN) | 110420 |
| 245 10 - MENCIÓN DEL TÍTULO | |
| Título | Opere / |
| Mención de responsabilidad, etc. | Palmiro Togliatti ; a cura di Ernesto Ragionieri (v. I-III) ; [Franco Andreucci e Paolo Spriano (v. IV) ; Luciano Gruppi (v. V-VI)]. |
| 250 ## - MENCION DE EDICION | |
| Mención de edición | 1ª ed. |
| 260 ## - PUBLICACIÓN, DISTRIBUCIÓN, ETC. | |
| Lugar de publicación, distribución, etc. | Roma : |
| Nombre del editor, distribuidor, etc. | Editori Riuniti, |
| Fecha de publicación, distribución, etc. | 1973-1984. |
| 300 ## - DESCRIPCIÓN FÍSICA | |
| Extensión | 8 v. : |
| Otras características físicas | 22 cm. |
| 505 8# - NOTA DE CONTENIDO CON FORMATO | |
| Nota de contenido con formato | Contiene: I. 1917-1926 - II. 1926-1929 - III,1. 1929-1935 - III,2. 1929-1935 - IV,1. 1935-1944 - IV,2. 1935-1944 - V. 1944-1955 - VI. 1956-1964. |
| 600 14 - PUNTO DE ACCESO ADICIONAL DE MATERIA--NOMBRE DE PERSONA | |
| Nombre de persona | Togliatti, Palmiro- |
| Subdivisión general | Pensamiento político. |
| 9 (RLIN) | 110421 |
| 700 1# - ENTRADA AGREGADA--NOMBRE PERSONAL | |
| Nombre de persona | Ragionieri, Ernesto. |
| 9 (RLIN) | 94994 |
| 700 1# - ENTRADA AGREGADA--NOMBRE PERSONAL | |
| Nombre de persona | Andreucci, Franco. |
| 9 (RLIN) | 21656 |
| 700 1# - ENTRADA AGREGADA--NOMBRE PERSONAL | |
| Nombre de persona | Spriano, Paolo. |
| 9 (RLIN) | 107799 |
| 700 1# - ENTRADA AGREGADA--NOMBRE PERSONAL | |
| Nombre de persona | Gruppi, Luciano. |
| 9 (RLIN) | 60257 |
| 852 ## - LOCALIZACIÓN | |
| Ubicación | ES-MaACL |
| Número de control de estantería | L-16861-68 |
| Estatus retirado | Estado de pérdida | Estado de daño | No para préstamo | Biblioteca de origen | Biblioteca actual | Ubicación en estantería | Fecha de adquisición | Fuente de adquisición | Total de préstamos | Signatura topográfica completa | Código de barras | Visto por última vez | Precio de reemplazo | Tipo de ítem Koha |
|---|---|---|---|---|---|---|---|---|---|---|---|---|---|---|
| Biblioteca del Ateneo de Madrid | Biblioteca del Ateneo de Madrid | Depósito 2 | 17/01/2008 | L-16861-68 | 1009674 | 23/02/2023 | 23/02/2023 | Libro impreso |
